Taylor Swift - Guess by first verse [Red TV] - Statistics

General Stats
  • This quiz has been taken 25 times
  • The average score is 22 of 28
Answer Stats
Hint Answer % Correct
It feels like a perfect night 22
100%
I walked through the door with you, the air was cold All Too Well
100%
Once upon a time, a few mistakes ago I Knew You Were Trouble
100%
Loving him is like driving a new Maserati down a dead-end street Red
100%
Don′t look at me, you got a girl at home Girl At Home
95%
They tell you while you′re young Nothing New
95%
I remember when we broke up the first time We Are Never Ever Getting Back Together
95%
We good to go? Everything Has Changed
90%
I said, "Oh my, what a marvelous tune" Starlight
90%
Put your lips close to mine Treacherous
90%
I′m walking fast through the traffic lights State Of Grace
85%
I′m pretty sure we almost broke up last night Stay Stay Stay
80%
I find myself at your door The Last Time
80%
What about your promises, promises? Babe
75%
I was reminiscing just the other day Holy Ground
75%
I know that you like me Message In A Bottle
75%
New to town with a made-up name The Lucky One
75%
You should′ve been there The Moment I Knew
75%
Took a deep breath in the mirror Begin Again
70%
I know I′m probably better off on my own Better Man
70%
3 a.m. and I′m still awake, I'll bet you′re just fine I Bet You Think About Me
70%
I remember your bare feet down the hallway Ronan
70%
Give me the keys, I′ll bring the car back around Run
65%
You said it in a simple way, 4 a.m. the second day Come Back...Be Here
60%
I bet, this time of night you′re still up I Almost Do
60%
Long handwritten note Sad Beautiful Tragic
60%
I wish I could fly The Very First Night
60%
He says he doesn′t believe anything much he hears these days Forever Winter
55%
No matching quizzes found
Score Distribution
Percent of People with Each Score
Percentile by Number Answered
Your Score History
You have not taken this quiz